[Event "CZE Czechia-ch U14"]
[Site "Harrachov"]
[Date "2009.10.29"]
[Round "7"]
[White "Vlckova, Katerina"]
[Black "Tuma, Tomas"]
[Result "1-0"]
[WhiteElo "1580"]
[BlackElo "1527"]
[PlyCount "89"]
[EventDate "2009.10.24"]
[EventType "swiss"]
[EventRounds "9"]
[EventCountry "CZE"]
[SourceTitle "EXT 2012"]
[Source "ChessBase"]
[SourceDate "2011.11.24"]
[SourceVersion "1"]
[SourceVersionDate "2011.11.24"]
[SourceQuality "1"]

1. d4 Nf6 2. c4 g6 3. Nc3 Bg7 4. g3 0-0 5. Bg2 d6 6. Nf3 Nbd7 7. 0-0 e5 8. dxe5 Nxe5 9. Nxe5 dxe5 10. Bg5 h6 11. Qxd8 Rxd8 12. Bxf6 Bxf6 13. Nd5 Bg7 14. Nxc7 Rb8 15. Rad1 Bf5 16. b3 Rbc8 17. Nd5 Re8 18. e4 Be6 19. Rd2 Bxd5 20. exd5 b6 21. d6 Red8 22. Rfd1 Bf8 23. Bb7 Rc5 24. d7 Rc7 25. Bc8 f6 26. f4 e4 27. Rd5 Kf7 28. g4 Be7 29. Kf2 Bc5+ 30. Ke2 a5 31. h4 Kf8 32. h5 gxh5 33. Rxh5 Kg7 34. Rdh1 Kf7 35. Rxh6 Bf8 36. Rh8 Rcxd7 37. Bxd7 Rxd7 38. R8h7+ Bg7 39. Ke3 Kg8 40. Kxe4 Rd2 41. R7h2 Rd7 42. Kf5 Rc7 43. Rd1 Re7 44. Rd8+ Kf7 45. Rhd2 1-0